000 01745nam a2200409 i 4500
003 EG-GICUC
005 20260121101431.0
008 251204s1926 fr o|||fr|||| 001 0 fre d
040 _aEG-GiCUC
_bfre
_cEG-GiCUC
_dEG-GiCUC
_eRda
041 _afre
082 0 4 _221
_a341.1
_bRE
092 0 4 _221
099 _aLaw1 11 341.1 RE 1926
245 0 0 _aRecueil des cours.
_n1925,Volume 6.
264 1 _aParis :
_bHachette,
_c1926.
300 _a471 page :
_bPhotographs ;
_c 24 cm.
336 _2rda contenu
_a texte
337 _2rda medias
_aOrdinateur
338 _2 transporteur rda
_a Ressource en ligne
490 1 _aAcadémie de droit international ;
_v1925, v.6.
500 _a1925 I
504 _aIncludes bibliographical references.
505 _aContient les cours de l'Académie y compris :
_tLe problème des limitations de la souveraineté et la théorie de l'abus des droits dans les rapports internationaux /
_rpar N. Politis--
_tL'église catholique et le droit des gens /
_rpar Georges Goyau --
_tL'influence de la Réforme sur le développement du droit international /
_rpar Marc Boegner --
_tLa codification du droit international /
_rpar Charles De Visscher.
546 _aTexte en français
650 1 4 _aDroit international
_2qrmak
650 1 4 _aWar-Religious aspects.
_2qrmak
651 1 _2qrmak
700 1 _aPolitis, Nicolas,
_d1872-1942,
_eAuteur
700 1 _aGoyau, Georges,
_d1869-1939,
_eAuteur
700 1 _aBoegner, Marc,
_d1881-1970,
_eAuteur
700 1 _aVisscher, Charles de,
_eAuteur
710 _aHague Academy of International Law.
830 0 _arecueil des cours ;
_v1925, v.6.
856 4 0 _uhttps://fll.law.cu.edu.eg/fulltext/bks/B11-05162.pdf
905 _a75
_eHassnaa
942 _2ddc
_n0
_cBK
_e21
999 _c48438
_d48438